| 000 | 00701nam a2200193 a 4500 | ||
|---|---|---|---|
| 001 | 000043184 | ||
| 005 | 20201002040713.0 | ||
| 008 | 140221s1989 sp ac 000 c spa d | ||
| 020 | _a8470395270 | ||
| 040 |
_aDO-SdBNP _bspa _cBNPHU |
||
| 245 | 0 | 0 |
_aCuentos modernistas hispanoamericanos / _cedición, selección, introducción y notas de Enrique Marini-Palmieri. |
| 260 |
_aMadrid : _bCastalia, _c1989. |
||
| 300 |
_a318 p. : _bil. ; _c19 cm. |
||
| 490 | 1 |
_aClásicos castalia _v180 |
|
| 500 | _aIncluye referencias bibliográficas y notas al pie de las páginas | ||
| 504 | _aBibliografía : p. 43-45 | ||
| 700 | 1 | 2 |
_aMarini-Palmieri, Enrique _eed. _970775 |
| 830 | 0 |
_aClásicos castalia ; _n180 _970776 |
|
| 999 |
_c42673 _d42673 |
||